000 00328nam a22001217a 4500
008 230620b xxu||||| |||| 00| 0 eng d
020 _a0871872757
082 _a324.56
_bRUS
100 _cCongressional Quarterly
245 _aNational Party Conventions 1831-1980
_bCongressional Quarterly Inc
300 _a245p
942 _2ddc
_cBK
999 _c1780
_d1780